000 00518nam a2200157Ia 4500
008 151213s9999 xx 000 0 und d
100 _aআফম আব্দুর রশিদ।
245 _aবৈষম্যেও মুখোমুখি।
_cআফম আব্দুর রশিদ।
250 _a১ম সং
260 _aঢাকা
_c2006
300 _a3803 p.
650 _aBangla
650 _aপ্রবন্ধ।
700 _aআফম আব্দুর রশিদ।
999 _c2505
_d2505